|
|
|
|
| LEADER |
00000nam2a2200000 4500 |
| 001 |
248585 |
| 005 |
20231031212536.0 |
| 035 |
|
|
|a (RuTPU)RU\TPU\book\270417
|
| 090 |
|
|
|a 248585
|
| 100 |
|
|
|a 20140123d1972 km y0rusy50 ca
|
| 101 |
0 |
|
|a rus
|
| 102 |
|
|
|a RU
|
| 105 |
|
|
|a a g 001zy
|
| 200 |
0 |
|
|a Т. 6 : Производство хлора и его неорганических соединений
|
| 210 |
|
|
|d 1972
|
| 215 |
|
|
|a 376 с.
|c ил.
|
| 320 |
|
|
|a Указатель: с. 369-373.
|
| 320 |
|
|
|a Библиогр. в конце гл.
|
| 461 |
|
1 |
|0 (RuTPU)RU\TPU\book\77227
|t Коррозия и защита химической аппаратуры
|o справочное руководство
|f под ред. А. М. Сухотина
|v Т. 6 : Производство хлора и его неорганических соединений
|d 1969-1974
|
| 606 |
1 |
|
|a Химическая аппаратура
|x Защита от коррозии
|2 stltpush
|3 (RuTPU)RU\TPU\subj\31125
|
| 610 |
1 |
|
|a справочные руководства
|
| 610 |
1 |
|
|a хлор
|
| 610 |
1 |
|
|a производство
|
| 610 |
1 |
|
|a неорганические соединения
|
| 610 |
1 |
|
|a хлористый водород
|
| 610 |
1 |
|
|a получение
|
| 610 |
1 |
|
|a коррозионная активность
|
| 675 |
|
|
|a 66.02:620.19(035)
|v 3
|
| 801 |
|
1 |
|a RU
|b 63413507
|c 20140123
|
| 801 |
|
2 |
|a RU
|b 63413507
|c 20160428
|g RCR
|
| 942 |
|
|
|c BK
|